000 00957nam a2200313 a 4500
001
003 DO-SdBNP
005 20210809101800.0
008 140324s2019 dr r 000 j spa d
020 _a9789945590968
040 _aBPMSU
_bspa
_cBPMSU
082 _aRD861.5
_bB333m, 2019
_222
100 1 _aBatlle, Natacha
245 1 0 _a La muerte en cuatro otra vez la muerte /
_cNatacha Batlle
260 _aSanto Domingo :
_bFUNGLODE,
_c2019
300 _a101 p. ;
_c25 cm.
490 0 _aPremios
500 _aPremio único
586 _aPremio FLUNGLODE de Poesía Pedro Mir 2018
590 _aInventariado, 2021/VM
650 4 _aPoesía dominicana
650 0 _aLiteratura dominicana.
650 4 _aPremios literarios
650 4 _aCertámenes literarios
710 2 _aFundación Global Democracía y Desarrollo (República Dominicana)
711 2 _aPremios FUNGLODE
_d(2018 :
_cSanto Domingo)
910 _aVMateo
942 _2ddc
_cBK
999 _c13639
_d13639